| 000 | 01300nam0a2200325 4500 | ||
|---|---|---|---|
| 001 | RU\NLR\BIBL_A\011172192 | ||
| 005 | 20260406095023.0 | ||
| 035 | _a(NLR Aleph) 011172192 | ||
| 090 |
_a11771391 _c11771391 |
||
| 100 | _a20160705d1984 m y0rusy50 ca | ||
| 101 | 0 | _asah | |
| 102 | _aRU | ||
| 105 | _ay z 000 y | ||
| 200 | 1 |
_aТаас Тумус _eсэһэннэр _fНиколай Лугинов |
|
| 210 |
_aЯкутскай _cСаха сиринээҕи кинигэ изд-вота _d1984 |
||
| 215 |
_a221, [1] с. _d21 |
||
| 225 | 1 | _aСибиир билиҥҥи сэһэнэ | |
| 327 | _aСодерж.: Таас Тумус ; Кустук ; Суор ; Күрэх ; Үҥкүү | ||
| 464 | 0 |
_12001#$aТаас Тумус _1700#1 _tТаас Тумус _a |
|
| 464 | 0 |
_12001#$aКустук _1700#1 _tКустук _a |
|
| 464 | 0 |
_12001#$aСуор _1700#1 _tСуор _a |
|
| 464 | 0 |
_12001#$aКүрэх _1700#1 _tКүрэх _a |
|
| 464 | 0 |
_12001#$aҮҥкүү _1700#1 _tҮҥкүү _a |
|
| 541 | 1 |
_aТаас Тумус _eповести _zrus |
|
| 686 | 1 | _aШ6(2=Я)7-4 | |
| 700 | 1 |
_4070 _7ca _8rus _aЛугинов _bН. А. _f1948- _gНиколай Алексеевич _3RU\NLR\AUTH\770287435 _92688965 |
|
| 852 |
_aNLR _bОНЛ _jЯкут./3-2034 |
||
| 942 | _cBOOK | ||
| 980 | _aNB | ||